| 000 | 00903nam a22002297a 4500 | ||
|---|---|---|---|
| 999 |
_c16480 _d16480 |
||
| 003 | AR-CdUCM | ||
| 008 | 190503b ||||| |||| 00| 0 spa d | ||
| 040 |
_aMUNICIPALIDAD PROVINCIAL DEL CUSCO _cBIBLIOTECA MUNICIPAL DEL CUSCO |
||
| 082 |
_a364.8 / _bK81 |
||
| 100 |
_aKremer, J. V. _935949 |
||
| 245 | _aLibro negro del castigo / | ||
| 260 |
_aBarcelona : _bBruguera, _c1961. |
||
| 300 |
_a219 páginas ; _bIlustraciones, _c21.5 cm. |
||
| 505 | _aContenido: Pequeña historia de la justicia -- Los duelos judiciales -- Breve compendio de criminología -- Técnica de las declaraciones -- El crimen y su castigo en el mundo -- El castigo en la actualidad... | ||
| 650 |
_aJusticia _97448 |
||
| 650 |
_aCriminalidad _97610 |
||
| 650 |
_aCriminología _97441 |
||
| 650 |
_aPena capital _935950 |
||
| 700 |
_aBrandoly, Montserrat (traductor) _935951 |
||
| 942 |
_2ddc _cLIBROS |
||
| 945 |
_aacv _d2019-05-03 |
||